| 000 | 00468nam a2200181Ia 4500 | ||
|---|---|---|---|
| 008 | 210210b1878 xxu||||| |||| 00| 0 eng d | ||
| 082 | _a543/134 | ||
| 100 | _aMILLER (William Allen) | ||
| 245 | _aElements of chemistry: theoretical and practical | ||
| 260 |
_aLondon _bLongman Green & Co Ltd., _c1878 |
||
| 300 | _a1005 | ||
| 650 | _atheoretical | ||
| 650 | _apractical | ||
| 650 | _aElements | ||
| 650 | _achemistry: | ||
| 690 | _aChemistry | ||
| 906 | _a009546 | ||
| 999 |
_c127005 _d127005 |
||